000
00290nam a22001337a 4500
008
xxu||||| |||| 00| 0 eng d
020
_a
9780786886043
041
_a
eng
080
_a
32
100
_a
21
101
_a
SHP
245
_a
THE RELATIONSHIP RESCUE WORKBOOK
_c
MCGRAW,PH.C
942
_2
udc
_c
BK
999
_c
18966
_d
18966